Descripción de la capilla de Nuestra Señora del Sagrario,que erigió en la Santa Iglesia de Toledo el Ilmo.Sr.Cardenal Don Bernardo..

Detalles Bibliográficos
Autor principal: [HERRERA, Pedro.]
Formato: Libro
Publicado: Madrid 1617
Materias:
Colección:Banco de datos
Acervo:Biblioteca Nacional de Antropología e Historia. Fondo Conventual
Tema general:Historia Eclesiástica
Notas:Regular. XXXV.13. Los datos se tomaron de la primera hoja y de una nota manuscrita de la guarda anterior.
LEADER 00823nam a22001930004500
035 |a 3224 
036 |a 699 
100 1 |a [HERRERA, Pedro.] 
245 1 0 |a Descripción de la capilla de Nuestra Señora del Sagrario,que erigió en la Santa Iglesia de Toledo el Ilmo.Sr.Cardenal Don Bernardo.. 
260 |a Madrid  |b Luis Sánchez  |c 1617 
500 |a Regular. XXXV.13. Los datos se tomaron de la primera hoja y de una nota manuscrita de la guarda anterior. 
650 1 0 |a Historia Eclesiástica 
949 |a B.N.A.H. 
959 |a Biblioteca Nacional de Antropología e Historia. Ciudad de México  |b CCC1 
960 |a Convento Grande de San Francisco de la ciudad de México  |b DD32 
961 |a Franciscana  |b OF 
942 |c B.N.A.H. 
943 |g Biblioteca Nacional de Antropología e Historia. Fondo Conventual 
999 |c 1027756  |d 1027756